[Event "FBL 1"]
[Site "?"]
[Date "2017.01.22"]
[Round "4.3"]
[White "Kashlinskaya, Alina"]
[Black "Mader, Manuela"]
[Result "0-1"]
[WhiteElo "2418"]
[BlackElo "2172"]
[PlyCount "90"]
[EventDate "2016.10.22"]
[EventType "team-tourn"]
[EventCountry "GER"]
[WhiteTeam "Schwaebisch Hall SK"]
[BlackTeam "Karlsruher SF"]
[WhiteTeamCountry "GER"]
[BlackTeamCountry "GER"]

1. d4 Nf6 2. Nc3 d5 3. Bf4 Bf5 4. f3 h6 5. e3 e6 6. g4 Bg6 7. Bd3 Bxd3 8. Qxd3
c6 9. O-O-O Na6 10. Kb1 Qa5 11. Nge2 b5 12. Nc1 O-O-O 13. h4 b4 14. Nb3 Qb6 15.
Na4 Qb5 16. Qxb5 cxb5 17. Nac5 Nxc5 18. dxc5 Nd7 19. c6 Nb6 20. e4 Be7 21. Nd4
a6 22. c7 Rd7 23. Nc6 Bc5 24. g5 f6 25. gxf6 gxf6 26. Nb8 Rg7 27. Nxa6 Be7 28.
Rhe1 Kb7 29. Nb8 e5 30. Bd2 d4 31. Rg1 Rhg8 32. Rxg7 Rxg7 33. Bxh6 Rh7 34. Bd2
Bd6 35. Rh1 Bxc7 36. h5 Bxb8 37. Bxb4 Kc6 38. h6 Bd6 39. Bd2 Nc4 40. Bc1 Ne3
41. c3 Bf8 42. cxd4 exd4 43. Rg1 Rxh6 44. Rg8 Bd6 45. Rg1 Rh3 0-1

[Event "FBL 1"]
[Site "?"]
[Date "2017.01.22"]
[Round "4.4"]
[White "Wiesner, Paula"]
[Black "Daulyte, Deimante"]
[Result "0-1"]
[WhiteElo "2034"]
[BlackElo "2447"]
[PlyCount "88"]
[EventDate "2016.10.22"]
[EventType "team-tourn"]
[EventCountry "GER"]
[WhiteTeam "Karlsruher SF"]
[BlackTeam "Schwaebisch Hall SK"]
[WhiteTeamCountry "GER"]
[BlackTeamCountry "GER"]

1. d4 Nf6 2. c4 e6 3. Nc3 Bb4 4. e3 d5 5. Nge2 dxc4 6. a3 Ba5 7. Nf4 b5 8. Bd2
a6 9. a4 Bb7 10. axb5 axb5 11. Be2 Nbd7 12. O-O c6 13. Bf3 Nd5 14. Nfxd5 exd5
15. e4 Bxc3 16. bxc3 O-O 17. exd5 cxd5 18. Qc2 Qf6 19. Qb2 Bc6 20. Qb4 Ra4 21.
Rxa4 bxa4 22. Ra1 Rb8 23. Qa5 h6 24. Qc7 a3 25. h3 Rb2 26. Bc1 Qg6 27. Kh2 Rxf2
28. Bxa3 Nf6 29. Bd6 Bd7 30. Ra8+ Kh7 31. Qd8 Ng4+ 32. Bxg4 Qxd6+ 33. Kg1 Qf4
34. Bf3 Rxf3 35. gxf3 Qg3+ 36. Kf1 Qxf3+ 37. Ke1 Qxc3+ 38. Ke2 Qc2+ 39. Ke1
Qe4+ 40. Kd2 Qxd4+ 41. Kc1 c3 42. Ra2 Qe3+ 43. Kd1 Ba4+ 44. Rxa4 Qd2# 0-1

[Event "FBL 1"]
[Site "?"]
[Date "2017.01.22"]
[Round "4.5"]
[White "Bulmaga, Irina"]
[Black "Heinatz, Maria"]
[Result "1-0"]
[WhiteElo "2406"]
[BlackElo "1997"]
[PlyCount "77"]
[EventDate "2016.10.22"]
[EventType "team-tourn"]
[EventCountry "GER"]
[WhiteTeam "Schwaebisch Hall SK"]
[BlackTeam "Karlsruher SF"]
[WhiteTeamCountry "GER"]
[BlackTeamCountry "GER"]

1. e4 c5 2. Nf3 e6 3. d4 cxd4 4. Nxd4 Nc6 5. Nc3 Qc7 6. Be3 a6 7. Be2 Nf6 8. a3
Be7 9. f4 d6 10. g4 d5 11. e5 Ne4 12. Nxe4 dxe4 13. Nxc6 Qxc6 14. Qd4 O-O 15.
O-O-O b5 16. h4 Re8 17. h5 Rb8 18. g5 b4 19. axb4 Rxb4 20. Qc3 Qa4 21. b3 Qa3+
22. Qb2 Rb8 23. Qxa3 Bxa3+ 24. Kb1 a5 25. Bc4 a4 26. Ka2 Be7 27. bxa4 Ra8 28.
Bb5 Rd8 29. Rxd8+ Bxd8 30. Rd1 Be7 31. Rd4 h6 32. gxh6 gxh6 33. Bc6 Ra6 34.
Bxe4 Kg7 35. Bd3 Ra5 36. Bb5 f6 37. Rc4 Ba6 38. Bxa6 Rxa6 39. Kb3 1-0

[Event "FBL 1"]
[Site "?"]
[Date "2017.01.22"]
[Round "4.6"]
[White "Hund, Sarah"]
[Black "Muetsch, Annmarie"]
[Result "0-1"]
[WhiteElo "1961"]
[BlackElo "1966"]
[PlyCount "230"]
[EventDate "2016.10.22"]
[EventType "team-tourn"]
[EventCountry "GER"]
[WhiteTeam "Karlsruher SF"]
[BlackTeam "Schwaebisch Hall SK"]
[WhiteTeamCountry "GER"]
[BlackTeamCountry "GER"]

1. e4 e5 2. Nf3 Nc6 3. Bc4 Bc5 4. c3 Nf6 5. d3 O-O 6. Bg5 d6 7. Bb3 a6 8. Nbd2
Ba7 9. Nf1 h6 10. Bh4 Be6 11. Ne3 Qe7 12. Bc2 g5 13. Bg3 Ng4 14. Qe2 Nxe3 15.
fxe3 g4 16. Bh4 gxf3 17. Bxe7 fxe2 18. Bxf8 Rxf8 19. Kxe2 Ne7 20. Rhf1 Kg7 21.
Rf2 d5 22. d4 exd4 23. exd4 c5 24. dxc5 Bxc5 25. Rff1 Bg4+ 26. Kd3 Rd8 27. h3
Be6 28. Bb3 dxe4+ 29. Kxe4 Bxb3 30. axb3 Rd2 31. b4 f5+ 32. Kf3 Bb6 33. Rad1
Rxb2 34. Rd7 Kf8 35. Rxb7 Bc5 36. Rb8+ Kf7 37. Ra8 Bd6 38. Rxa6 Be5 39. Rxh6
Bxc3 40. g4 Rxb4 41. Rh7+ Bg7 42. gxf5 Nxf5 43. Rg1 Kf6 44. Rg4 Rb3+ 45. Ke4
Re3+ 46. Kd5 Re7 47. Rg1 Rd7+ 48. Kc6 Rd6+ 49. Kc7 Rd2 50. Rh5 Rf2 51. Rhg5 Kf7
52. R5g2 Rf3 53. Re1 Bh6 54. Ree2 Bf4+ 55. Kb7 Rb3+ 56. Ka6 Ra3+ 57. Kb7 Rxh3
58. Rgf2 Rb3+ 59. Ka6 Rb4 60. Re1 Ne7 61. Ka5 Rd4 62. Kb5 Kf6 63. Kc5 Rd5+ 64.
Kc4 Rf5 65. Ref1 Ng6 66. Kd4 Ke6 67. Ke4 Re5+ 68. Kd3 Kf5 69. Rh1 Re3+ 70. Kd4
Re4+ 71. Kd3 Ne5+ 72. Kc3 Re3+ 73. Kc2 Ke4 74. Rh4 Nf3 75. Rh7 Ne1+ 76. Kd2
Nf3+ 77. Kc2 Nd4+ 78. Kb2 Be5 79. Ka2 Nb5 80. Rh4+ Kd5 81. Rd2+ Kc5 82. Rc2+
Kb6 83. Rh6+ Ka5 84. Rc8 Kb4 85. Rh4+ Bd4 86. Rb8 Rd3 87. Rg4 Rd1 88. Rxb5+
Kxb5 89. Kb3 Rd3+ 90. Kc2 Kc4 91. Rg8 Ra3 92. Rc8+ Bc5 93. Rb8 Rh3 94. Rd8 Rg3
95. Rd7 Rc3+ 96. Kd2 Ra3 97. Ke2 Bd4 98. Rc7+ Kd5 99. Rd7+ Ke4 100. Re7+ Be5
101. Rd7 Bg3 102. Re7+ Kd5 103. Rd7+ Bd6 104. Rd8 Ke5 105. Re8+ Kd4 106. Rd8
Re3+ 107. Kd2 Re6 108. Rd7 Kc4 109. Rd8 Bb4+ 110. Kc2 Re2+ 111. Kd1 Rh2 112.
Rd7 Bc3 113. Kc1 Re2 114. Rd8 Kb3 115. Rd1 Ra2 0-1

[Event "FBL 1"]
[Site "?"]
[Date "2017.01.22"]
[Round "4.1"]
[White "Osmanodja, Filiz"]
[Black "Brandt, Carina"]
[Result "0-1"]
[WhiteElo "2360"]
[BlackElo "2042"]
[PlyCount "81"]
[EventDate "2016.10.22"]
[EventType "team-tourn"]
[EventCountry "GER"]
[WhiteTeam "Koenigshofen Bad SC"]
[BlackTeam "Norderstedt TuRa Harksheide"]
[WhiteTeamCountry "GER"]
[BlackTeamCountry "GER"]

1. e4 e6 2. d4 d5 3. Nd2 Bd6 4. e5 Be7 5. Nb3 b6 6. h4 Ba6 7. Qg4 Kf8 8. h5 h6
9. Rh3 Bxf1 10. Kxf1 Qd7 11. Rg3 Rh7 12. Ne2 c5 13. Rf3 Bd8 14. Nf4 Ke8 15.
dxc5 Nc6 16. Nd3 Bc7 17. Bf4 Nge7 18. Bh2 Nf5 19. Rd1 Ke7 20. Qf4 g5 21. hxg6
fxg6 22. Qg4 Rg8 23. Nb4 Nxe5 24. Bxe5 Bxe5 25. Re1 h5 26. Qg5+ Bf6 27. Qd2 Kf8
28. Nd4 Bxd4 29. Qxd4 Rf7 30. c6 Qd6 31. Qc3 Qh2 32. Rh3 Qf4 33. Nd3 Qc7 34.
Ne5 d4 35. Qd2 Re7 36. Qg5 Rgg7 37. Nxg6+ Ke8 38. Rxh5 Rh7 39. Nxe7 Rxh5 40.
Qg8+ Kxe7 41. Rxe6# 0-1

[Event "FBL 1"]
[Site "?"]
[Date "2017.01.22"]
[Round "4.2"]
[White "Sherif, Amina"]
[Black "Melamed, Tatjana"]
[Result "1-0"]
[WhiteElo "2080"]
[BlackElo "2326"]
[PlyCount "110"]
[EventDate "2016.10.22"]
[EventType "team-tourn"]
[EventCountry "GER"]
[WhiteTeam "Norderstedt TuRa Harksheide"]
[BlackTeam "Koenigshofen Bad SC"]
[WhiteTeamCountry "GER"]
[BlackTeamCountry "GER"]

1. d4 Nf6 2. Nf3 g6 3. Nbd2 Bg7 4. g3 O-O 5. Bg2 c5 6. c3 d6 7. O-O cxd4 8.
cxd4 Nc6 9. Re1 Qb6 10. Nc4 Qa6 11. b3 Bf5 12. Bb2 Rac8 13. Nh4 Be4 14. a3 Bxg2
15. Kxg2 d5 16. Ne5 Ne4 17. Nhf3 Na5 18. Nd3 Qb5 19. Nb4 Rc7 20. Rc1 Rfc8 21.
Rxc7 Rxc7 22. Ne5 Bh6 23. e3 e6 24. Ned3 Bf8 25. Ba1 Qd7 26. Bb2 Qc8 27. Ba1
Nc3 28. Qc2 Ne4 29. Qd1 b6 30. Kf1 Nb7 31. Bb2 a5 32. Na2 Nbd6 33. Kg2 Nb5 34.
a4 Nbd6 35. Kg1 h5 36. h4 Nf5 37. Qb1 Nd2 38. Qd1 Ne4 39. Qb1 Qb8 40. Nf4 Bd6
41. Rc1 Bxf4 42. exf4 Qc8 43. Rxc7 Qxc7 44. Qd3 Nxh4 45. gxh4 Qxf4 46. Qe2 Nd2
47. Bc1 Nf3+ 48. Kf1 Qg4 49. Qe3 Nxh4 50. Nc3 Nf5 51. Qd3 h4 52. Ne2 h3 53. Ng3
h2 54. Kg2 h1=Q+ 55. Kxh1 Qh3+ 1-0

[Event "FBL 1"]
[Site "?"]
[Date "2017.01.22"]
[Round "4.3"]
[White "Schoene, Maria"]
[Black "Waechter, Nathalie"]
[Result "0-1"]
[WhiteElo "2280"]
[BlackElo "1993"]
[PlyCount "69"]
[EventDate "2016.10.22"]
[EventType "team-tourn"]
[EventCountry "GER"]
[WhiteTeam "Koenigshofen Bad SC"]
[BlackTeam "Norderstedt TuRa Harksheide"]
[WhiteTeamCountry "GER"]
[BlackTeamCountry "GER"]

1. e4 e6 2. d4 d5 3. Nc3 h6 4. Nf3 Nf6 5. exd5 exd5 6. Bd3 Bb4 7. O-O O-O 8.
Ne2 Nc6 9. Ng3 Bg4 10. c3 Bd6 11. Nf5 Ne4 12. Nxd6 Qxd6 13. Be2 Rfe8 14. Be3 f5
15. Qc1 Ng5 16. Kh1 Nd8 17. Bxg5 hxg5 18. Bd3 Bxf3 19. gxf3 Qf6 20. f4 Ne6 21.
fxg5 Nxg5 22. Qf4 Ne4 23. Rg1 Re7 24. Rg2 Kf7 25. Rag1 Rg8 26. c4 g5 27. Qf3 g4
28. Qf4 Rg6 29. f3 Ng5 30. Qxf5 Qxf5 31. Bxf5 Rf6 32. fxg4 Nh3 33. Rf1 Ng5 34.
h4 Ne4 35. g5 0-1

[Event "FBL 1"]
[Site "?"]
[Date "2017.01.22"]
[Round "4.4"]
[White "Rosmait, Emily"]
[Black "Gromova, Julia"]
[Result "1-0"]
[WhiteElo "1880"]
[BlackElo "2229"]
[PlyCount "120"]
[EventDate "2016.10.22"]
[EventType "team-tourn"]
[EventCountry "GER"]
[WhiteTeam "Norderstedt TuRa Harksheide"]
[BlackTeam "Koenigshofen Bad SC"]
[WhiteTeamCountry "GER"]
[BlackTeamCountry "GER"]

1. e4 c6 2. d4 d5 3. Nc3 dxe4 4. Nxe4 Bf5 5. Ng3 Bg6 6. Nf3 e6 7. h4 h6 8. h5
Bh7 9. Bd3 Bxd3 10. Qxd3 Nf6 11. Bd2 Nd5 12. O-O-O Nb4 13. Bxb4 Bxb4 14. Ne5
O-O 15. f4 Nd7 16. Ne4 Nf6 17. a3 Be7 18. g4 Nxe4 19. Qxe4 Qd5 20. Qe3 Rad8 21.
g5 hxg5 22. fxg5 c5 23. g6 cxd4 24. Qe2 Bg5+ 25. Kb1 f6 26. Nf7 Rxf7 27. gxf7+
Kxf7 28. Qd3 Kf8 29. Rhf1 e5 30. Qg6 Qf7 31. Qh7 Bh6 32. Qf5 Kg8 33. Rg1 Bg5
34. Rh1 Kf8 35. Rdg1 a6 36. Rh3 Rd7 37. Rf3 Ke8 38. Qh7 Bh6 39. Qf5 Kd8 40. Rd1
Kc7 41. c3 Be3 42. Qd3 Qe6 43. cxd4 Bxd4 44. Rc1+ Kb8 45. Qe4 Qf7 46. Rf5 Qb3
47. Qc2 Qd5 48. h6 gxh6 49. Rxf6 Be3 50. Qc8+ Ka7 51. Rc2 Qd1+ 52. Ka2 Qd5+ 53.
Ka1 e4 54. Rf8 Bg5 55. Qb8+ Kb6 56. Rfc8 e3 57. R8c4 e2 58. Qe8 Qd1+ 59. Ka2
e1=Q 60. Rc6+ bxc6 1-0

[Event "FBL 1"]
[Site "?"]
[Date "2017.01.22"]
[Round "4.5"]
[White "Schneider, Jana"]
[Black "Koehler, Inken"]
[Result "0-1"]
[WhiteElo "2274"]
[BlackElo "1944"]
[PlyCount "100"]
[EventDate "2016.10.22"]
[EventType "team-tourn"]
[EventCountry "GER"]
[WhiteTeam "Koenigshofen Bad SC"]
[BlackTeam "Norderstedt TuRa Harksheide"]
[WhiteTeamCountry "GER"]
[BlackTeamCountry "GER"]

1. e4 c5 2. Nf3 e6 3. g3 Nc6 4. Bg2 d6 5. O-O Nge7 6. Qe2 g6 7. c3 Bg7 8. Na3
O-O 9. Nc2 Rb8 10. d4 Qc7 11. Rd1 b5 12. Be3 cxd4 13. cxd4 a6 14. Rac1 Qd7 15.
Bf4 Bb7 16. e5 Nd5 17. Bd2 Rfd8 18. Ne3 Nce7 19. Ng4 Nf5 20. Bg5 Rdc8 21. Rxc8+
Rxc8 22. Nh4 Nxh4 23. gxh4 h5 24. Nf6+ Nxf6 25. exf6 Bf8 26. Bh3 Bd5 27. Qe3
Kh7 28. f4 Qc6 29. a3 Qc2 30. Rd2 Qe4 31. Qxe4 Bxe4 32. Kf2 d5 33. Bf1 Rc2 34.
Rxc2 Bxc2 35. Ke3 Bb3 36. Kd2 Kg8 37. Kc3 Bd1 38. Bd3 Bd6 39. Bh6 Kh7 40. Bg5
Kg8 41. Kd2 Ba4 42. Be2 a5 43. Bd3 b4 44. axb4 Bxb4+ 45. Ke2 Kf8 46. Bh6+ Ke8
47. Bg7 Bd6 48. Bh6 Bc7 49. Kd2 Bd6 50. Ke2 Bb4 0-1

[Event "FBL 1"]
[Site "?"]
[Date "2017.01.22"]
[Round "4.6"]
[White "Giede, Anna Blume"]
[Black "Frey, Alisa"]
[Result "1-0"]
[WhiteElo "1506"]
[BlackElo "2049"]
[PlyCount "22"]
[EventDate "2016.10.22"]
[EventType "team-tourn"]
[EventCountry "GER"]
[WhiteTeam "Norderstedt TuRa Harksheide"]
[BlackTeam "Koenigshofen Bad SC"]
[WhiteTeamCountry "GER"]
[BlackTeamCountry "GER"]

1. e4 e5 2. Nf3 Nc6 3. d4 exd4 4. Nxd4 Bc5 5. Be3 Qf6 6. c3 Nge7 7. Bc4 Ne5 8.
Bb3 Qg6 9. Nb5 Bxe3 10. Nxc7+ Kd8 11. Nxa8 Qxg2 1-0

[Event "FBL 1"]
[Site "?"]
[Date "2017.03.04"]
[Round "5.1"]
[White "Strutinskaya, Galina N"]
[Black "Stockova, Zuzana"]
[Result "1/2-1/2"]
[WhiteElo "2261"]
[BlackElo "2360"]
[PlyCount "84"]
[EventDate "2016.10.22"]
[EventType "team-tourn"]
[EventCountry "GER"]
[WhiteTeam "Augsburg SG"]
[BlackTeam "Rodewischer Schachmiezen"]
[WhiteTeamCountry "GER"]
[BlackTeamCountry "GER"]

1. d4 Nf6 2. c4 c5 3. Nf3 cxd4 4. Nxd4 g6 5. Nc3 Bg7 6. e4 Nc6 7. Nc2 d6 8. Be2
O-O 9. O-O a5 10. Bg5 Be6 11. Rc1 Nd7 12. Qd2 Nc5 13. Bh6 a4 14. Bxg7 Kxg7 15.
Ne3 Qa5 16. f4 f5 17. exf5 Bxf5 18. Nxf5+ gxf5 19. Qe3 Rf6 20. Rc2 Re6 21. Qf2
Kh8 22. Rd2 a3 23. Bf3 axb2 24. Nd5 Rg8 25. Rb1 Qxa2 26. Rdxb2 Qxc4 27. Nb6
Qxf4 28. Bd5 Qe5 29. Bxe6 Qxe6 30. Re2 Ne4 31. Rb5 Nxf2 32. Rxe6 Nh3+ 33. Kf1
Nd4 34. Rxe7 Nxb5 35. gxh3 Nd4 36. Rxb7 Re8 37. Nd5 Rf8 38. Rd7 Nf3 39. Rxd6
Ng5 40. Nf4 Ra8 41. Rd5 Ra1+ 42. Ke2 Ra2+ 1/2-1/2

[Event "FBL 1"]
[Site "?"]
[Date "2017.03.04"]
[Round "5.2"]
[White "Movsesjan, Julia"]
[Black "Horvath, Maria"]
[Result "1-0"]
[WhiteElo "2322"]
[BlackElo "1978"]
[PlyCount "57"]
[EventDate "2016.10.22"]
[EventType "team-tourn"]
[EventCountry "GER"]
[WhiteTeam "Rodewischer Schachmiezen"]
[BlackTeam "Augsburg SG"]
[WhiteTeamCountry "GER"]
[BlackTeamCountry "GER"]

1. e4 c5 2. Nc3 Nc6 3. Bb5 e6 4. Nf3 Nge7 5. O-O a6 6. Bxc6 Nxc6 7. d4 cxd4 8.
Nxd4 Be7 9. Re1 O-O 10. Nxc6 bxc6 11. e5 d5 12. exd6 Bxd6 13. Ne4 Bb4 14. c3
Be7 15. Be3 Qa5 16. Qf3 f5 17. Nd2 Qd5 18. Qxd5 exd5 19. Nb3 f4 20. Bxf4 Ba3
21. Bc1 Bd6 22. Be3 Rb8 23. Re2 Rb5 24. Nd4 c5 25. Nxb5 axb5 26. Bg5 c4 27. Be7
Re8 28. Rae1 Bxe7 29. Re5 1-0

[Event "FBL 1"]
[Site "?"]
[Date "2017.03.04"]
[Round "5.3"]
[White "Amelang, Astrid"]
[Black "Lubbe, Melanie"]
[Result "0-1"]
[WhiteElo "2112"]
[BlackElo "2353"]
[PlyCount "108"]
[EventDate "2016.10.22"]
[EventType "team-tourn"]
[EventCountry "GER"]
[WhiteTeam "Augsburg SG"]
[BlackTeam "Rodewischer Schachmiezen"]
[WhiteTeamCountry "GER"]
[BlackTeamCountry "GER"]

1. f4 g6 2. Nf3 Bg7 3. e3 d5 4. d4 Nh6 5. Be2 O-O 6. O-O c6 7. b3 Nd7 8. c4 b6
9. Nc3 Bb7 10. Bb2 Nf5 11. Qd2 Nd6 12. Ne5 Nf6 13. Bf3 Nfe4 14. Bxe4 Nxe4 15.
Nxe4 dxe4 16. Qc2 f6 17. Ng4 Qd7 18. h3 Qe6 19. Nf2 f5 20. g4 h6 21. gxf5 gxf5
22. Kh2 Bf6 23. Rg1+ Kh7 24. Rg2 Rg8 25. Rag1 Rxg2+ 26. Rxg2 Rd8 27. Nd1 Qf7
28. Qf2 Bc8 29. Rg1 Be6 30. Bc3 Qh5 31. Bb2 Qe8 32. Nc3 Bf7 33. Qg2 Bh5 34.
Nxe4 fxe4 35. Qxe4+ Bg6 36. f5 Bh5 37. Qg2 Qd7 38. Qf2 Qd6+ 39. Kh1 Rg8 40.
Rxg8 Kxg8 41. e4 Bg5 42. Bc3 Qf4 43. Qxf4 Bxf4 44. Kg2 Bd1 45. d5 cxd5 46. cxd5
Bc2 47. Kf3 Bc1 48. f6 Kf7 49. fxe7 Kxe7 50. e5 Bb1 51. Bb4+ Ke8 52. e6 Bxa2
53. Ke4 Ba3 54. Ke5 Bb2+ 0-1

[Event "FBL 1"]
[Site "?"]
[Date "2017.03.04"]
[Round "5.4"]
[White "Kazarian, Anna Maja"]
[Black "Nentwig, Nicole"]
[Result "1-0"]
[WhiteElo "2259"]
[BlackElo "1851"]
[PlyCount "85"]
[EventDate "2016.10.22"]
[EventType "team-tourn"]
[EventCountry "GER"]
[WhiteTeam "Rodewischer Schachmiezen"]
[BlackTeam "Augsburg SG"]
[WhiteTeamCountry "GER"]
[BlackTeamCountry "GER"]

1. e4 e5 2. Nf3 Nc6 3. Bc4 Bc5 4. O-O d6 5. c3 Bg4 6. d3 Bxf3 7. Qxf3 Qf6 8.
Nd2 Qxf3 9. Nxf3 a6 10. Ng5 Nh6 11. b4 Ba7 12. g3 Nd8 13. Kg2 Ng4 14. h3 Nf6
15. f4 exf4 16. gxf4 h6 17. Nf3 c6 18. e5 d5 19. exf6 dxc4 20. fxg7 Rg8 21.
Re1+ Kd7 22. Ne5+ Kc7 23. Nxc4 Rxg7+ 24. Kf3 f6 25. f5 h5 26. Bf4+ Kd7 27. d4
b5 28. Nd2 Nb7 29. Ne4 Rf7 30. Rg1 Bb6 31. Rg6 Bd8 32. Rg8 a5 33. Nc5+ Nxc5 34.
dxc5 Kc8 35. Re1 axb4 36. Re6 Ra6 37. cxb4 Rd7 38. Rxf6 Rd3+ 39. Ke4 Rd7 40.
Rd6 Rxa2 41. Bg5 Re2+ 42. Kf3 Rxd6 43. cxd6 1-0

[Event "FBL 1"]
[Site "?"]
[Date "2017.03.04"]
[Round "5.5"]
[White "Lorenz, Oda"]
[Black "Korenova, Martina"]
[Result "0-1"]
[WhiteElo "1832"]
[BlackElo "2156"]
[PlyCount "62"]
[EventDate "2016.10.22"]
[EventType "team-tourn"]
[EventCountry "GER"]
[WhiteTeam "Augsburg SG"]
[BlackTeam "Rodewischer Schachmiezen"]
[WhiteTeamCountry "GER"]
[BlackTeamCountry "GER"]

1. e4 e5 2. Nf3 Nc6 3. Bb5 a6 4. Ba4 Nf6 5. O-O Be7 6. Re1 b5 7. Bb3 d6 8. h3
a5 9. a4 b4 10. c3 O-O 11. d4 bxc3 12. bxc3 exd4 13. cxd4 d5 14. e5 Ne4 15. Ba3
Nb4 16. Nbd2 Bb7 17. Re3 c5 18. Nxe4 dxe4 19. Ne1 Qxd4 20. Qxd4 cxd4 21. Rg3
Rac8 22. e6 f6 23. Bxb4 axb4 24. Nc2 d3 25. Nd4 Rc5 26. Re1 Rd8 27. Nb5 Bd5 28.
Bxd5 Rdxd5 29. Rxe4 d2 30. Reg4 d1=Q+ 31. Kh2 g6 0-1

[Event "FBL 1"]
[Site "?"]
[Date "2017.03.04"]
[Round "5.6"]
[White "Steinbacher, Claudia"]
[Black "Muench, Ursula"]
[Result "1-0"]
[WhiteElo "2043"]
[BlackElo "1792"]
[PlyCount "57"]
[EventDate "2016.10.22"]
[EventType "team-tourn"]
[EventCountry "GER"]
[WhiteTeam "Rodewischer Schachmiezen"]
[BlackTeam "Augsburg SG"]
[WhiteTeamCountry "GER"]
[BlackTeamCountry "GER"]

1. d4 Nf6 2. c4 g6 3. Nc3 Bg7 4. e4 O-O 5. Be3 d6 6. f3 e5 7. d5 c6 8. Bd3 Nbd7
9. Nge2 cxd5 10. cxd5 Nc5 11. Bc2 Bd7 12. b4 Na6 13. a3 b5 14. Bd3 Qb8 15. O-O
Qb7 16. Qd2 Rfb8 17. Nc1 Qc7 18. Nb3 Rc8 19. Rac1 Qb8 20. Ne2 Nc7 21. Na5 Nce8
22. Rxc8 Qxc8 23. Rc1 Qa6 24. a4 Nh5 25. Nc3 Nc7 26. Nb1 Rc8 27. Na3 Nf4 28.
axb5 Nxb5 29. Rxc8+ 1-0

[Event "FBL 1"]
[Site "?"]
[Date "2017.03.04"]
[Round "5.3"]
[White "Zatonskih, Anna"]
[Black "Waechter, Nathalie"]
[Result "1-0"]
[WhiteElo "2443"]
[BlackElo "1993"]
[PlyCount "45"]
[EventDate "2016.10.22"]
[EventType "team-tourn"]
[EventCountry "GER"]
[WhiteTeam "Baden Baden OSG"]
[BlackTeam "Norderstedt TuRa Harksheide"]
[WhiteTeamCountry "GER"]
[BlackTeamCountry "GER"]

1. e4 e6 2. d4 d5 3. Nd2 Nf6 4. e5 Nfd7 5. c3 c5 6. Bd3 Nc6 7. Ne2 cxd4 8. cxd4
a5 9. O-O Nb6 10. Nf3 Bd7 11. Nc3 a4 12. Bg5 Qb8 13. a3 Na5 14. Nd2 Nac4 15.
Nxc4 Nxc4 16. Bxc4 dxc4 17. Qe2 b5 18. d5 exd5 19. Nxd5 Qb7 20. Rad1 Be6 21.
Qf3 Bxd5 22. Rxd5 Qc7 23. Rfd1 1-0

[Event "FBL 1"]
[Site "?"]
[Date "2017.03.04"]
[Round "5.4"]
[White "Evers, Annika"]
[Black "Kachiani Gersinska, Ketino"]
[Result "0-1"]
[WhiteElo "1820"]
[BlackElo "2366"]
[PlyCount "80"]
[EventDate "2016.10.22"]
[EventType "team-tourn"]
[EventCountry "GER"]
[WhiteTeam "Norderstedt TuRa Harksheide"]
[BlackTeam "Baden Baden OSG"]
[WhiteTeamCountry "GER"]
[BlackTeamCountry "GER"]

1. d4 Nf6 2. Nf3 g6 3. Bg5 Bg7 4. e3 d6 5. Nbd2 h6 6. Bxf6 Bxf6 7. Bd3 e5 8.
dxe5 dxe5 9. Ne4 Bg7 10. Bb5+ Nd7 11. Qd5 O-O 12. Bxd7 Qxd7 13. O-O-O Qxd5 14.
Rxd5 b6 15. Nc3 Be6 16. Rd2 c6 17. Rhd1 Rfc8 18. h3 Kf8 19. Ng1 Ke7 20. Rd6 Rc7
21. Nge2 Rac8 22. f4 Rd7 23. Rxd7+ Bxd7 24. g4 Rh8 25. Ne4 h5 26. Rg1 hxg4 27.
hxg4 Rh3 28. Kd2 Rh4 29. g5 exf4 30. exf4 Bxb2 31. c3 Rh2 32. Ke3 Ba3 33. Rd1
Rxe2+ 34. Kxe2 Bg4+ 35. Kd2 Bxd1 36. Kxd1 Bd6 37. Nxd6 Kxd6 38. Ke2 Kd5 39. Kd3
b5 40. a3 a5 0-1

[Event "FBL 1"]
[Site "?"]
[Date "2017.03.04"]
[Round "5.5"]
[White "Tammert, Iamze"]
[Black "Marx, Inga"]
[Result "1-0"]
[WhiteElo "2290"]
[BlackElo "1770"]
[PlyCount "41"]
[EventDate "2016.10.22"]
[EventType "team-tourn"]
[EventCountry "GER"]
[WhiteTeam "Baden Baden OSG"]
[BlackTeam "Norderstedt TuRa Harksheide"]
[WhiteTeamCountry "GER"]
[BlackTeamCountry "GER"]

1. c4 c5 2. Nc3 Nc6 3. g3 Nf6 4. Bg2 g6 5. Nf3 Bg7 6. d4 cxd4 7. Nxd4 O-O 8.
O-O Qb6 9. Nc2 d6 10. b3 Be6 11. Rb1 Bf5 12. h3 Nd7 13. Nd5 Qa5 14. e4 Qxa2 15.
Bg5 Be6 16. Nxe7+ Nxe7 17. Bxe7 Rfc8 18. Bxd6 Nc5 19. Nb4 Qa5 20. Nd5 Rd8 21.
b4 1-0

[Event "FBL 1"]
[Site "?"]
[Date "2017.03.04"]
[Round "5.6"]
[White "Zimmermann, Jasmin"]
[Black "Heinemann, Josefine"]
[Result "0-1"]
[WhiteElo "1726"]
[BlackElo "2227"]
[PlyCount "84"]
[EventDate "2016.10.22"]
[EventType "team-tourn"]
[EventCountry "GER"]
[WhiteTeam "Norderstedt TuRa Harksheide"]
[BlackTeam "Baden Baden OSG"]
[WhiteTeamCountry "GER"]
[BlackTeamCountry "GER"]

1. e4 c5 2. Nf3 d6 3. Bb5+ Nd7 4. O-O a6 5. Bxd7+ Bxd7 6. h3 Nf6 7. d3 g6 8.
Be3 Bg7 9. Nbd2 O-O 10. Qe2 Bc6 11. a4 b6 12. c3 e5 13. Ne1 d5 14. Bg5 Qc7 15.
Nc2 Nh5 16. exd5 Bxd5 17. Ne3 Bc6 18. Qd1 h6 19. Bh4 Nf4 20. Ndc4 Rab8 21. Qc2
Qd7 22. f3 f5 23. Bg3 Nxh3+ 24. gxh3 f4 25. Bxf4 exf4 26. Ng4 Rfe8 27. Rad1 h5
28. Nh2 Qxh3 29. Rd2 Kh7 30. Rg2 Qe6 31. Kh1 Bf6 32. d4 Bh4 33. Ne5 Bg3 34.
Rfg1 Rbd8 35. Nf1 h4 36. Nxg3 hxg3 37. Rxg3 fxg3 38. Rxg3 Rd6 39. Qh2+ Kg7 40.
Rxg6+ Qxg6 41. Nxg6 Re1+ 42. Kg2 Re2+ 0-1

[Event "FBL 1"]
[Site "?"]
[Date "2017.03.04"]
[Round "5.1"]
[White "Naiditsch, Yuliya"]
[Black "Sieber, Fiona"]
[Result "1-0"]
[WhiteElo "2413"]
[BlackElo "2203"]
[PlyCount "95"]
[EventDate "2016.10.22"]
[EventType "team-tourn"]
[EventCountry "GER"]
[WhiteTeam "Deizisau SF"]
[BlackTeam "Lehrte SK"]
[WhiteTeamCountry "GER"]
[BlackTeamCountry "GER"]

1. e4 c5 2. Nf3 d6 3. Bb5+ Nd7 4. d4 Ngf6 5. O-O a6 6. Bxd7+ Qxd7 7. Nc3 cxd4
8. Qxd4 e5 9. Qd3 h6 10. a4 Qc6 11. Be3 Be6 12. Nd2 Be7 13. f4 exf4 14. Rxf4
Ng4 15. Bd4 Bg5 16. Rff1 Ne5 17. Bxe5 dxe5 18. Nd5 O-O 19. Nf3 Bxd5 20. exd5
Qc5+ 21. Kh1 Rac8 22. c3 Rfd8 23. Rad1 Bf6 24. Rfe1 Qd6 25. c4 g6 26. Qb3 Qc7
27. Rc1 e4 28. Rxe4 Rxd5 29. Qe3 Rh5 30. b3 Kh7 31. Rf1 Rd8 32. b4 Rd7 33. g4
Rh3 34. Kg2 Rxf3 35. Qxf3 Be5 36. h3 Kg7 37. Rf2 f6 38. a5 Qd8 39. Ree2 Kh7 40.
c5 Kh8 41. Qe4 Kg7 42. Rf3 Bb8 43. h4 Qc7 44. Kh3 Rf7 45. h5 gxh5 46. gxh5 f5
47. Rg2+ Kh7 48. Qe6 1-0

[Event "FBL 1"]
[Site "?"]
[Date "2017.03.04"]
[Round "5.2"]
[White "Schulze, Lara"]
[Black "Schleining, Zoya"]
[Result "0-1"]
[WhiteElo "1920"]
[BlackElo "2349"]
[PlyCount "82"]
[EventDate "2016.10.22"]
[EventType "team-tourn"]
[EventCountry "GER"]
[WhiteTeam "Lehrte SK"]
[BlackTeam "Deizisau SF"]
[WhiteTeamCountry "GER"]
[BlackTeamCountry "GER"]

1. e4 c5 2. Nf3 Nc6 3. d4 cxd4 4. Nxd4 Qc7 5. Nc3 e6 6. Ndb5 Qb8 7. Be3 a6 8.
Bb6 axb5 9. Nxb5 Bb4+ 10. c3 Ba5 11. Nc7+ Qxc7 12. Bxc7 Bxc7 13. Qg4 g6 14. Bb5
Nge7 15. O-O O-O 16. Qe2 d6 17. a4 e5 18. b4 Nd8 19. h4 Ne6 20. Qc4 b6 21. g3
Rd8 22. f4 exf4 23. gxf4 Bb7 24. f5 d5 25. Qe2 Nf4 26. Qg4 h5 27. Qd1 dxe4 28.
Qc1 e3 29. Rxf4 Bxf4 30. Qf1 Bg3 31. fxg6 Bf2+ 32. Kh2 Nxg6 33. Rd1 Bf3 34. Be2
Bxe2 35. Qxe2 Rxd1 36. Qxd1 Re8 37. Qd7 Re6 38. Qd8+ Kg7 39. Qd4+ Kh7 40. Qd7
Ne5 41. Qd1 e2 0-1